Skip to main content
Your cart is empty.
Your lists
Log in to create your own lists
Your cookies
العربية
English
العربية
Home
Search
Advanced search
Authority search
About
The noble scholar, jurist, historian
His Excellency Dr. Abdul Wahhab bin Ibrahim Abu Sulaiman, may Allah have mercy on him.
He was born in Umm Al-Qura in the year 1356 AH.
Library catalog
Title
Author
Subject
ISBN
ISSN
Series
Call number
Log in to your account
×
Login:
Password:
Home
MARC view: العرف :
Normal view
MARC view
ISBD view
العرف : (Record no. 1583)
[
view plain
]
MARC details
000 -LEADER
fixed length control field
01466ctm a22002771a 4500
003 - CONTROL NUMBER IDENTIFIER
control field
SA-RiAUC
005 - DATE AND TIME OF LATEST TRANSACTION
control field
20241022083241.0
008 - FIXED-LENGTH DATA ELEMENTS--GENERAL INFORMATION
fixed length control field
241019s1997 su f 00010 ara c
040 ## - CATALOGING SOURCE
Original cataloging agency
SA-RiIMS
Language of cataloging
ara
Transcribing agency
SA-RiAUC
082 04 - DEWEY DECIMAL CLASSIFICATION NUMBER
Classification number
258.4
090 ## - LOCALLY ASSIGNED LC-TYPE CALL NUMBER (OCLC); LOCAL CALL NUMBER (RLIN)
Classification number (OCLC) (R) ; Classification number, CALL (RLIN) (NR)
258.4
Local cutter number (OCLC) ; Book number/undivided call number, CALL (RLIN)
ق و ت
100 1# - MAIN ENTRY--PERSONAL NAME
Personal name
قوتة، عادل بن عبد القادر بن محمد ولي
245 12 - TITLE STATEMENT
Title
العرف :
Remainder of title
حجيته، وأثره في فقه المعاملات المالية عند الحنابلة : (دراسة تأصيلية تطبيقية).
Number of part/section of a work
الجزء الأول /
Statement of responsibility, etc.
عادل بن عبد القادر بن محمد ولي قوته ؛ قرأه وقدم له عبد الله بن بيه، أحمد بن عبد الله بن حميد، محمد بن علي القري.
250 ## - EDITION STATEMENT
Edition statement
ط. 1.
260 ## - PUBLICATION, DISTRIBUTION, ETC.
Place of publication, distribution, etc.
مكة المكرمة :
Name of publisher, distributor, etc.
المكتبة المكية،
Date of publication, distribution, etc.
1997
300 ## - PHYSICAL DESCRIPTION
Extent
524 ص. ؛
Dimensions
24 سم.
500 ## - GENERAL NOTE
General note
الأصل أطروحة (ماجستير)-جامعة أم القرى، 1415 هـ.
650 #7 - SUBJECT ADDED ENTRY--TOPICAL TERM
Topical term or geographic name entry element
الفقه الحنبلي
Source of heading or term
aucsh
650 #7 - SUBJECT ADDED ENTRY--TOPICAL TERM
Topical term or geographic name entry element
العرف (فقه إسلامي)
Source of heading or term
aucsh
650 #7 - SUBJECT ADDED ENTRY--TOPICAL TERM
Topical term or geographic name entry element
المعاملات (فقه إسلامي)
Source of heading or term
aucsh
700 1# - ADDED ENTRY--PERSONAL NAME
Personal name
بن بيه، عبد الله بن الشيخ المحفوظ،
Dates associated with a name
1935-
Relator term
مراجع.
700 1# - ADDED ENTRY--PERSONAL NAME
Personal name
ابن حميد، أحمد بن عبد الله
Relator term
مراجع.
700 1# - ADDED ENTRY--PERSONAL NAME
Personal name
القري، محمد علي،
Dates associated with a name
1369 هجري-.
Relator term
مراجع.
942 ## - ADDED ENTRY ELEMENTS (KOHA)
Source of classification or shelving scheme
Dewey Decimal Classification
Koha item type
Books
Suppress in OPAC
No
949 ## - LOCAL PROCESSING INFORMATION (OCLC)
a
SA-JeALM
d
241019
u
mohamedma123
n
1
Holdings
Withdrawn status
Lost status
Source of classification or shelving scheme
Materials specified (bound volume or other part)
Damaged status
Not for loan
Home library
Current library
Date acquired
Total checkouts
Full call number
Barcode
Date last seen
Price effective from
Koha item type
Dewey Decimal Classification
المجلد الثاني
DR AbdElwahab Library
DR AbdElwahab Library
10/22/2024
258.4 ق و ت
000002277
10/22/2024
10/22/2024
Books
Dewey Decimal Classification
المجلد الاول
DR AbdElwahab Library
DR AbdElwahab Library
11/18/2024
258.4 ق و ت
000003844
11/18/2024
11/18/2024
Books
Dewey Decimal Classification
المجلد الثاني
DR AbdElwahab Library
DR AbdElwahab Library
11/18/2024
258.4 ق و ت
000003845
11/18/2024
11/18/2024
Books
Dewey Decimal Classification
المجلد الاول
DR AbdElwahab Library
DR AbdElwahab Library
12/05/2024
258.4 ق و ت
000004762
12/05/2024
12/05/2024
Books
Place hold
Print
Add to your cart
(remove)
Save record
BIBTEX
Dublin Core
MARCXML
MARC (non-Unicode/MARC-8)
MARC (Unicode/UTF-8)
MARC (Unicode/UTF-8, Standard)
MODS (XML)
RIS
ISBD
More searches
Search for this title in:
Other Libraries (WorldCat)
Other Databases (Google Scholar)
Online Stores (Bookfinder.com)
Open Library (openlibrary.org)
Exporting to Dublin Core...
×
Simple DC-RDF
OAI-DC
SRW-DC